01303nam a2200289Ia 450000500170000000800410001702000180005804000350007604100080011108200210011910000280014024501690016825000230033726400320036030000690039233600270046133700330048833800280052149000830054950001590063265000330079165000530082465000420087770000300091970000310094970000330098020220317001955.0200115s2019 ck 000 0 spa d a9789585499102 aCO-BoRNBPbspaerdacCO-BoRNBP aspa04a746.44028 bM67b1 aMorgan, Cristineautor 10aBordar con bastidor b20 proyectos originales para el bordador contemporáneo cCristin Morgan ; traducción Nuria Picos ; fotografía Nicki Dowey y Phil Wilkins aEdición especial 1aBogotábMonserrate c2019 a128 páginas b ilustraciones, fotografías en color c 23 cm. 2rdacontentatextobtxt 2rdamediaasin mediaciónbn 2rdacarrieravolumenbnc0 aPlan Nacional de Lectura y Escritura Leer es mi Cuento / Ministerio de Cultura aRecomendado para público adulto \ Título original: Hoop art. 20 stylish projects for the modern embroiderer \ Incluye datos biográficos de la autora17aBordado 2LEMBxEnseñanza 17aBordado materiales manuales2LEMBxMateriales 17aLabores de aguja 2LEMBxEnseñanza 1 aPicos, Nuria etraductora1 aDowey, Nickiefotógrafo 1 aWilkins, Phil efotógrafo